1349 1093 1148 1930 1351 1590 1549 1527 1662 1163 1369 1576 1476 1294 1143 1946 1023 1991 1514 1569 1916 1355 1173 1313 1879 1188 1759 1791 1837 1953 1412 1473 1938 1608 1384 1317 1336 1765 1555 1345 1555 1682 1299 1549 1557 1115 1400 1405 1052 1790 1190 1735 1780 1035 1578 1769 1916 1447 1923 1350 1497 1449 1054 1234 1868 1542 1132 1583 1778 1247 2000 1488 1466 1129 1930 1869 1946 1323 1173 1107 1583 1098 1927 1627 1300 1059 1890 1215 1481 1744 1826 1838 1932 1772 1719 1145 1528 1016 1925 BCNSPRNW ULIB Ver.6.0+V

เปลี่ยนเป็นภาษาไทย

Change to English
 แสดงรายละเอียดบรรณานุกรม
  กลับหน้าหลัก

Brief Record : Get Marc (ISO 2709) : E-mail record : QR code < ปิดหน้าต่าง
LEADER : 00000nam 2200000uu 4500
001    13399123171
003     ULIB
008    200557s2551||||th 000 0 tha d
020    ^a9789740642909
090    ^aนว.^bด111ห
100 0  ^aเด็กญี่ปุ่น
245 00 ^aหัวใจหยุดพักเติมรักให้เต็มร้อย/^cเด็กญี่ปุ่น
250    ^aพิมพ์ครั้งที่ 1
260    ^aกรุงเทพฯ :^bนกฮูก,^c2551
300    ^a207หน้า
710 1  ^aนกฮูก
945    ^p169^l0^i20319
995    ^aทศพร
999    ^aทศพร เกษรทอง
รายการนี้ยังไม่มีแท็ก
คุณยังไม่ได้ล็อกอิน คุณสามารถมีกิจกรรมร่วมกับเว็บไซต์ได้ แต่ต้องล็อกอินก่อน ::
  ล็อกอิน

รายการสื่อสารสนเทศ

ลำดับที่ ประเภท เลขเรียก/บาร์โค้ด สถานที่ สถานะ
1. นวนิยาย
นวนิยาย
นว. ด111ห ฉ.1 
  Barcode: 20319
ห้องสมุดวิทยาเขตนครสวรรค์
►นวนิยาย:l:Fiction
บนชั้น

BibComment


ยังไม่เคยถูกคอมเมนท์

คอมเมนท์ทรัพยากรรายการนี้
  คอมเมนท์: หัวใจหยุดพักเติม..


 Copyright 2026. Bcnsprnw @Library